000 00649nam a2200277Ia 4500
005 20260324123848.0
008 008 260324s9999 xx 000 0 eng d
020 _a9780203827307
037 _aEBOOK
040 _aCRL
040 _beng
040 _cCRL
041 _2eng
041 _aeng
084 _qCRL
100 _aAlison Day
_91171937
245 0 _aDrama Sessions for Primary Schools and Drama Clubs
260 _bTaylor and Francis
260 _c2011
365 _a
365 _b205
856 _uhttp://www.taylorfrancis.com/books/9780203827307
942 _cEBOOK
999 _c1765813
_d1765813